| 000 | 00387nam a2200157Ia 4500 | ||
|---|---|---|---|
| 100 | _aDandamudi/Sivarama P | ||
| 650 | _aPentium Processor | ||
| 942 | _cBK | ||
| 366 | _f25 | ||
| 245 | _aIntroduction to Assembly language programming from 8086 to pentium processor | ||
| 260 |
_bSpringer _c2000 |
||
| 082 |
_a5.6 _bDAN |
||
| 300 | _a644 | ||
| 546 |
_aENGLISH _cComputers |
||
| 999 |
_c33375 _d33375 |
||